000 00415 a2200145 4500
001 177724
020 _a
040 _cMagnum
100 _aSanta Rosa, Nereide Schilaro
240 1 0 _aCidades e florestas/ os artistas viajantes entre os seculos xvii e xix
_lpor
245 1 0 _aCidades e florestas/ os artistas viajantes entre os seculos xvii e xix
362 0 _a1899
697 _aMAGNITO: DIDATICO
942 _cBK
999 _c177724
_d177724